| 000 | 00913pam a2200289 a 4500 | ||
|---|---|---|---|
| 001 | 4769722 | ||
| 003 | ARRUPE | ||
| 005 | 20160315152314.0 | ||
| 008 | 860813s1986 nyu b 001 0 eng | ||
| 010 | _a 86014572 | ||
| 020 | _a0887062954 | ||
| 020 | _a0887062962 (pbk.) | ||
| 040 |
_aDLC _cDLC _dDLC |
||
| 050 | 0 | 0 |
_aBD241 _b.H365 1986 |
| 082 | 0 | 0 |
_a149 _219 |
| 245 | 0 | 0 |
_aHermeneutics and modern philosophy / _cBrice R. Wachterhauser, editor. |
| 260 |
_aAlbany, NY : _bState University of New York Press, _cc1986. |
||
| 300 |
_a506 p. ; _c25 cm. |
||
| 500 | _aIncludes index. | ||
| 504 | _aBibliography: p. 487-502. | ||
| 600 | 1 | 0 |
_aGadamer, Hans-Georg, _d1900-2002. _922964 |
| 600 | 1 | 0 |
_aHeidegger, Martin, _d1889-1976. _922965 |
| 650 | 0 |
_aHermeneutics. _922966 |
|
| 700 | 1 |
_aWachterhauser, Brice R., _d1953- _922967 |
|
| 906 |
_a7 _bcbc _corignew _d1 _eocip _f19 _gy-gencatlg |
||
| 942 |
_2lcc _cMONOGRAPH |
||
| 999 |
_c124381 _d124381 |
||